000 00266nam a2200097 4500
100 _aAlexander, D.L.
245 _aStudy Guide for Speaking Professionally Module 2 Lesson 8-10
260 _aUSA:
_bLingua Marketing International,
_c1993.
300 _a285p. ;
942 _cBK
999 _c7679
_d7679